000 00387nam a2200181Ia 4500
001 2717
005 20260306144827.0
008 260306t2002||||xx |||||||||||||| ||spa||
041 _aESP
082 _a218
_bD34
110 _aConferencia Episcopal Peruana
245 0 _aDei Verbum
260 _c2002
300 _a
_c
650 _aGEN
654 _aCHU
942 _cLIB
_dJUS
_fJUS
_2ddc
_n
999 _c2717
_d2717